|
|
|
|
| LEADER |
00000nam a2200000 i 4500 |
| 001 |
1/68790 |
| 008 |
990204s1995 gre d |
| 020 |
|
|
|a 960-293-214-7
|
| 035 |
|
|
|l 10047710
|
| 040 |
|
|
|a GR-MY-UA
|b gre
|e aacr
|
| 041 |
0 |
|
|a gre
|
| 082 |
0 |
|
|a 398.9
|
| 100 |
1 |
|
|a Μερακλής, Μιχάλης Γ.,
|d 1932-
|
| 245 |
1 |
0 |
|a Παροιμίες :
|b ελληνικές και των άλλων βαλκανικών λαών (συγκριτική μελέτη) /
|c Μ.Γ.Μερακλής
|
| 250 |
|
|
|a 6η έκδ.
|
| 260 |
|
|
|a Αθήνα :
|b Πατάκης,
|c 1995
|
| 300 |
|
|
|a 205 σ.
|
| 650 |
0 |
0 |
|a Proverbs, Greek.
|
| 852 |
|
|
|a INST
|b RHODES
|e 19990204
|h 398.9 ΜΕΡ
|p 005400005540
|q 005400005540
|t BK
|y 0
|
| 901 |
|
|
|a BIBL-1999-1
|
| 909 |
|
|
|a Ρ
|b 058772
|c 1998
|
| 922 |
|
|
|a 4ΕΛΗ
|b 199807
|c ΚΠΣ/Ν
|
| 970 |
|
|
|z 2000/06/ΟΙΚΟΝΟΜΟΠΟΥΛΟΥ (SUBJECT)
|